000 00465cam a2200181ua 4500
020 _c18.62
041 _aeng
_h
082 _a531.3
_bRAM/IN
100 _aRamsey, A.S.
245 _aIntroduction to the theory of newtonian attraction /
_cA S Ramsey.
_hTextual Documents
250 _a1 /
_b.
260 _aCambridge :
_bCambridge University Press ,
_c1961.
300 _a183 ; .
365 _a18.62
504 _a
942 _cBK
999 _c9068
_d9068